000 00875nam a22002297a 4500
005 20081022114242.0
008 081022t xxu||||| |||| 00| 0 eng d
010 _aENG-84299
020 _a0195686721
020 _c595.00 (hb)
035 _aEN-67832
082 _a330.954
100 _aChakravorty, Sanjoy
245 _aMade in India :
_bthe economic geography and political economy of industrialization /
_cby Sanjoy Chakravorty adn Somik V Lall
260 _aNew Delhi
_bOxford University Press
260 _c2007
300 _ax,238p
_c22cm
500 _aIncludes bibliographical references and index
700 _aLall, Somik V
_cjt auth
942 _2ddc
_cEN
_h330.954
_mCHA
999 _c17638
_d17638